Państwa Skandynawskie - Statystyki

Ogólne statystyki
  • Ten quiz został rozwiązany 396 razy
  • Średni wynik to 5 z 5
Statystyki odpowiedzi
Skandynawia Odpowiedz % Poprawnych
Normalne Szwecja
100%
Też się zalicza Finlandia
99%
Normalne Norwegia
99%
Normalne Dania
98%
Też się zalicza Islandia
89%
Nie znaleziono quizów pasujących do podanych kryteriów
Rozkład punktacji
Procent ludzi z każdym wynikiem
Percentyl według liczby udzielonych odpowiedzi
Twoja historia wyników
Nie rozwiązałeś tego quizu